1827 1733 1600 1297 1826 1973 1393 1606 1880 1567 1145 1107 1265 1926 1954 1469 1433 1693 1654 1160 1346 1534 1311 1250 1495 1835 1809 1071 1437 1824 1308 1170 1494 1775 1854 1627 1068 1938 1300 1571 1005 1436 1348 1888 1504 1176 1004 1553 1209 1647 1262 1262 1434 1711 1389 1530 1688 1208 1473 1822 1808 1789 1344 1311 1669 1618 1232 1262 1080 1400 1255 1864 1896 1980 1167 1346 1800 1787 1477 1699 1057 1077 1196 1957 1313 1747 1286 1511 1682 1551 1292 1824 1032 1236 1710 1655 1251 1056 1073 BCNSPRNW ULIB Ver.6.0+V

เปลี่ยนเป็นภาษาไทย

Change to English
 แสดงรายละเอียดบรรณานุกรม
  กลับหน้าหลัก

Brief Record : Get Marc (ISO 2709) : E-mail record : QR code < ปิดหน้าต่าง
LEADER : 00000nam 2200000uu 4500
001    13399112625
003     ULIB
008    110829s2550||||th 000 0 tha d
020    974944020X
020    9789749440209
050  4 HV290^bป196ส 2550
100 0  ประกิต วาทีสาธกกิจ
245 10 สู้เพื่อไทยไร้ควันบุหรี่ :^bบันทึกไว้เป็นประวัติศาสตร์ /^cโดย ประกิต วาทีสาธกกิจ ; คณะบรรณาธิการ, แสงเดือน สุวรรณรัศมี ... [และคนอื่นๆ]
246 30 บันทึกไว้เป็นประวัติศาสตร์ 1
250    พิมพ์ครั้งที่ 2
260    กรุงเทพฯ :^bมูลนิธิรณรงค์เพื่อการไม่สูบบุหรี่,^c2550
300    (30), 160 หน้า :^bภาพประกอบ ;^c21 ซม.
650  4 การเลิกบุหรี่^zไทย
650  4 การสูบบุหรี่^zไทย
650  4 คนสูบบุหรี่^zไทย
650  4 บุหรี่
700 0  แสงเดือน สุวรรณรัศมี,^eบรรณาธิการ
710 2  มูลนิธิรณรงค์เพื่อการไม่สูบบุหรี่
945    ^p155^l0^i022902
945    ^p155^l0^i026704
995    ทศพร
999 ^a ทศพร
รายการนี้ยังไม่มีแท็ก
คุณยังไม่ได้ล็อกอิน คุณสามารถมีกิจกรรมร่วมกับเว็บไซต์ได้ แต่ต้องล็อกอินก่อน ::
  ล็อกอิน

รายการสื่อสารสนเทศ

ลำดับที่ ประเภท เลขเรียก/บาร์โค้ด สถานที่ สถานะ
- ไม่พบข้อมูล -

รายการใกล้เคียง
    ผู้แต่ง [ประกิต วาทีสาธกกิจ]

    หัวเรื่อง [บุหรี่]

BibComment


ยังไม่เคยถูกคอมเมนท์

คอมเมนท์ทรัพยากรรายการนี้
  คอมเมนท์: สู้เพื่อไทยไร้ควั..


 Copyright 2026. Bcnsprnw @Library